00339nam a22000977a 4500100007100000245006400071260002700135300000900162700003700171856003300208 aSirajuddin Soomroa16-15MCEM07aSupervisor - Dr. Aftab Hamed Memon aFixing Road Allignment in Desert Areas A Case Study of Thar aNawabshahbQUESTc2021 a34p. aDepartment of Civil Engineering  uhttps://tinyurl.com/2fyy93bn